Trouvez le Pays grâce au Joueur de Football -- Afrique - Statistiques

Statistiques générales
  • Ce quiz a été pris 123 fois
  • Le résultat moyen est 19 sur 53
Statistiques - réponses
Joueur Pays % Correct
Sadio Mané Sénégal
98%
Didier Drogba Côte d'Ivoire
92%
Mohamed Salah Égypte
89%
Amine Harit Maroc
87%
Pierre-Emeric Aubameyang Gabon
85%
George Weah Liberia
83%
Wahbi Khazri Tunisie
78%
Roger Milla Cameroun
74%
Nabi Keïta Guinée
63%
Raïs M'Bohli Algérie
62%
Emmanuel Adebayor Togo
59%
Asamoah Gyan Ghana
58%
Wilfried Ndidi Nigeria
58%
Yves Bissouma Mali
52%
Edmond Tapsoba Burkina-Faso
51%
Geoffrey Kondogbia République Centrafricaine
48%
Jérémy Morel Madagascar
45%
Tino Kadewere Zimbabwe
43%
Siphiwe Tshabalala Afrique du Sud
39%
Victor Wanyama Kenya
37%
Patson Daka Zambie
37%
Mussa Barrow Gambie
36%
Mama Baldé Guinée-Bissau
33%
Youssouf M'Changama Comores
30%
Clinton Mata Angola
25%
Youssouf Ndayishimiye Burundi
25%
Jovane Cabral Cap-Vert
25%
Al Musrati Libye
25%
Aboubakar Kamara Mauritanie
24%
Pedro Obiang Guinée-Equatoriale
22%
Silas Wamangituka République Démocratique du Congo
22%
Mohamed Abdelrahman Soudan
21%
Casimir Ninga Tchad
21%
Cédric Hountondji Bénin
19%
Moussa Maâzou Niger
19%
Luís Leal São Tomé-et-Príncipe
18%
Telinho Mozambique
17%
Abdulsamed Abdullahi Somalie
17%
Ally Samatta Tanzanie
17%
Mohammed Saeid Érythrée
15%
Gabriel Charpentier République du Congo
15%
Michael Mancienne Seychelles
15%
Shimelis Bekele Éthiopie
14%
Gabadinho Mhango Malawi
14%
Tumisang Orebonye Botswana
13%
Peter Shalulile Namibie
13%
Sera Motebang Lesotho
12%
Farouk Miya Ouganda
12%
Emmanuel Imanishimwe Rwanda
12%
Steven Caulker Sierra-Léone
12%
Valentino Yuel Soudan du Sud
12%
Justice Figuareido Eswatini
11%
Anas Farah Ali Djibouti
9%
Aucun quiz correspondant
Distribution des résultats
% des personnes avec chaque résultat
Percentile par nombre de réponses
Votre historique - résultats
Vous n’avez pas pris ce quiz